[Event "Krakow Olimpic op"]
[Site "Krakow"]
[Date "2019.10.06"]
[Round "5"]
[White "Makson, Michal"]
[Black "Pietrzak, Tomasz1111"]
[Result "1/2-1/2"]
[WhiteElo "1437"]
[BlackElo "1687"]
[PlyCount "126"]
[EventDate "2019.10.04"]
[EventType "swiss"]
[EventRounds "5"]
[EventCountry "POL"]
[SourceTitle "EXT 2020"]
[Source "ChessBase"]
[SourceDate "2019.10.17"]
[SourceVersion "1"]
[SourceVersionDate "2019.10.17"]
[SourceQuality "1"]

1. d4 Nf6 2. Nf3 d5 3. Bf4 e6 4. e3 c5 5. c3 Nc6 6. Nbd2 a6 7. Be2 b5 8. 0-0 Bd6 9. Ne5 Bxe5 10. Bxe5 Bb7 11. f4 0-0 12. dxc5 Nxe5 13. fxe5 Nd7 14. b4 Nxe5 15. Nf3 Nxf3+ 16. Bxf3 Qg5 17. Re1 f5 18. Qd4 Bc6 19. h4 Qe7 20. Qe5 Rfd8 21. Bd1 Rd7 22. a4 Kf7 23. axb5 Bxb5 24. g3 Qf6 25. Qxf6+ Kxf6 26. Be2 Rda7 27. Ra5 Ke5 28. Kf2 Ke4 29. Rea1 Bxe2 30. Kxe2 g5 31. hxg5 Rg7 32. Rxa6 Re8 33. c6 e5 34. Rh1 f4 35. gxf4 exf4 36. Rh4 Rxg5 37. Rxf4+ Ke5 38. c7 Rg2+ 39. Kd3 Rg7 40. Rc6 Rc8 41. Rff6 Re7 42. b5 Rcxc7 43. Rxc7 Rxc7 44. b6 Rb7 45. Rh6 Rg7 46. c4 dxc4+ 47. Kxc4 Kf5 48. Kc5 Kg5 49. Rd6 Re7 50. Rd3 h5 51. Kc6 Re6+ 52. Kc7 Re7+ 53. Kb8 h4 54. Ka8 Re8+ 55. Ka7 h3 56. b7 Re7 57. Ka8 h2 58. Rd1 Rxe3 59. Rh1 Ra3+ 60. Kb8 Ra2 61. Kc8 Rc2+ 62. Kd7 Rd2+ 63. Kc6 Rc2+ 1/2-1/2